000
00306nam a2200121 a 4500
001
4140
005
20140414131902.0
008
090218s19uu xx 00 eng d
050
_a
FIC
_b
G41 1993
100
_a
Giligan, Sahannon
245
_a
Choose your own adventure. Bk. 127 :
_b
showdown.
999
_c
110745
_d
110745